000 00476nam a2200181Ia 4500
005 20250423094238.0
008 250422s9999 xx 000 0 und d
020 _a9789788406006
050 _aP 92.A4 .O39/
100 _aOgwezzy, Abigail Odozi
245 2 _aA functional approach to African communication system
260 _aLagos
260 _bConcept Communications Limited
260 _c2008
300 _a260 p
650 _aCommunication--Africa.
942 _cBK
999 _c26694
_d26694